Biblioteka Instytutu Północnego w Olsztynie

Tadeusz Czacki i jego zasługi : (Rekord nr 27391)

Szczegóły MARC
000 -Nagłówek
fixed length control field 01657cam a2200385 i 4500
001 - Nr kontrolny bibl., która utworzyła rek.
control field zz2006863563
003 - Siglum bibl., której nr kontr. jest w 001
control field NUKAT
005 - Data i czas ostatniej operacji
control field 20260331221629.0
008 - Elementy pola stałej długości
fixed length control field 060309s1873 pl f 2 |000 0dpol c
035 ## - Systemowy numer kontrolny
systemowy numer kontrolny (OCoLC)749731872
035 ## - Systemowy numer kontrolny
systemowy numer kontrolny (NUKAT)zz2006863563
040 ## - Instytucja sporządzająca opis
Instytucja, która sporządziła opis TOR U/PDJR
język katalgowania-trzyzn. kod pol
zasady opisu rda
Instytucja, która sporządziła rekord TOR U/PDJR
Instytucja, która zmodyfikowała rekord TOR U/AP
-- OLSZT 008/AL
099 ## - Dowolny opis lokalny sygnatury
symbol klasyfikacji hh_493405
100 1# - Hasło główne-nazwa osobowa
Nazwa osobowa Ziemba, Teofil
Daty biograficzne (1847-1900).
rodzaj współpracy Autor
9 (RLIN) 39339
245 10 - Tytuł właściwy i oznaczenie odpow.
tytuł Tadeusz Czacki i jego zasługi :
dodatek do tytułu zwłaszcza w dziejach naszego szkolnictwa /
dod. inf. ze s. tyt./ozn. odpow. napisał Teofil Ziemba.
246 14 - Inne formy tytułu, wariant tytułu
tytuł Tadeusz Czacki w dziejach naszego szkolnictwa
260 ## - Adres wydawniczy
miejsce wydania, dystrybucji itp. Kraków :
nazwa wydawcy, dystrybutora itp. [wdawca nieznany],
data wydania, dystrybucji itp. 1873
miejsce druku (Kraków :
nazwa drukarni Drukarnia C.K. Uniwersytetu Jagiellońskiego pod zarządem K. Mańkowskiego).
300 ## - Opis fizyczny
objętość i/lub forma materiału [4], 79 stron ;
format 23 cm.
336 ## - Content Type
Term Tekst
Code txt
Source rdacontent
337 ## - Media Type
Term Bez urządzenia pośredniczącego
Code n
Source rdamedia
338 ## - Carrier Type
Term Wolumin
Code nc
Source rdacarrier
500 ## - Uwaga ogólna
uwaga ogólna Osobna odbitka z Sprawozdania gimnazyalnego św. Anny za rok 1872.
500 ## - Uwaga ogólna
uwaga ogólna Na stronie tytułowej rok wydania 1872, na okładce - 1873.
510 4# - Uwaga o cytowaniu lub źródłach opisu bibliogr.
nazwa źródła Estr., XIX w.,
lokaliz. opracowania w źródle t. 7. Dopełn. (P-Ż)
530 ## - Uwaga o dod. formie fiz. materiału
uwaga o dodatkowej fizycznej formie dokumentu Dostępne również w formie elektronicznej.
600 17 - Hasło przedmiotowe-nazwa osobowa
nazwa osobowa Czacki, Tadeusz
źródło hasła DBN
9 (RLIN) 39340
600 14 - Hasło przedmiotowe-nazwa osobowa
nazwa osobowa Czacki, Tadeusz
daty biograficzne (1765-1813).
źródło hasła kaba
9 (RLIN) 12830
600 17 - Hasło przedmiotowe-nazwa osobowa
nazwa osobowa Czacki, Tadeusz
daty biograficzne (1765-1813)
określnik rzeczowy wkład do edukacji.
źródło hasła kaba
9 (RLIN) 39341
650 #7 - Hasło przedmiotowe-nazwa pospolita
nazwa pospolita lub geogr. Pedagogika
źródło hasła DBN
9 (RLIN) 39342
650 #4 - Hasło przedmiotowe-nazwa pospolita
nazwa pospolita lub geogr. Edukacja
określnik geograficzny Polska
określnik chronologiczny 18 w.
źródło hasła kaba
9 (RLIN) 12557
651 #7 - Hasło przedmiotowe-nazwa geogr.
nazwa geograficzna Polska
źródło hasła DBN
9 (RLIN) 35076
710 2# - Hasło dodatkowe - nazwa ciała zbior.
nazwa ciała zbior. lub nazwa geogr. Drukarnia Uniwersytetu Jagiellońskiego.
rodzaj współpracy Druk
kod rodzaju współpracy prt
9 (RLIN) 536
856 41 - Elektroniczne źródła danych i spos. dost.
URL (Uniform Resource Locator) <a href="https://www.wbc.poznan.pl/publication/325463">https://www.wbc.poznan.pl/publication/325463</a>
942 ## - ADDED ENTRY ELEMENTS (KOHA)
Source of classification or shelving scheme Dewey Decimal Classification
Koha item type pozycje dostępne na miejscu
Egzemplarze
Status wycofania Status zagubienia Klasyfikacja Status uszkodzenia Blokada wypożyczeń Kolekcja Lokalizacja macierzysta Lokalizacja bieżąca Data nabycia Numer akcesji Źródło akcesji Nr inwentarzowy il. wypożyczeń Sygnatura Kod kreskowy Date last seen Price effective from Typ egz.
    Dewey Decimal Classification nieuszkodzona   Pracownia Badań Księgozbiorów Historycznych Biblioteka Instytutu Północnego w Olsztynie Pracownia Badań Księgozbiorów Historycznych 31/03/2026 D-33/1963 dar 15097   15097 IPWK22092 31/03/2026 31/03/2026 pozycje dostępne na miejscu
Biblioteka Instytutu Północnego, ul. Partyzantów 87, 10-402 Olsztyn, email: biblioteka(at)ip.olsztyn.pl